Kladkostroje s nosnoťou 300-1000 kg.

Uložené v:
Podrobná bibliografia
Médium: Firemný prospekt
Jazyk:Slovak
Vydané: [2011].
Vydanie:1. vyd.
Témy:
On-line prístup:http://www.admi.sk
Fyzický popis: 1 l.
Tagy: Pridať tag
Žiadne tagy, Buďte prvý kto otaguje tento záznam!

MARC

LEADER 00000nam#a22000003a#4500
001 000369708
003 SVKKK
005 20110222103516.0
008 110221s2011 xo |||| 0 slo#d
040 |a SVK  |b slo  |c SVK  |e AACR2 
041 0 # |a slo 
044 |a xo  |c SK 
080 |a 621.861  |2 2001 
245 0 0 |a Kladkostroje s nosnoťou 300-1000 kg. 
250 |a 1. vyd. 
260 # |c [2011]. 
300 |a 1 l. 
655 7 |a firemné prospekty  |2 SNKPH 
710 2 # |a ADMI s. r. o.  |c Jesenského 1347, 024 04 Kysucké Nové Mesto  |4 dst 
856 4 1 |u http://www.admi.sk 
910 |a svkkk 
998 |a FL 
090 |g SCKHL  |k Sklad Pribinova suterén  |a 621.861  |j 222244  |i 222244  |s Firemná-2týždne